| 000 | 00454nam a22001817a 4500 | ||
|---|---|---|---|
| 003 | MPLRDC | ||
| 005 | 20220104143815.0 | ||
| 008 | 210129b ||||| |||| 00| 0 eng d | ||
| 020 | _a7-80033-163-6 | ||
| 082 | _a445.6 HGG | ||
| 100 | _a韩国刚 主编 | ||
| 245 |
_a救救中国: 环境发出的黄牌警告 _c |
||
| 250 | _a一版一刷 | ||
| 260 |
_a _b求实, 沈阳 _c1989 |
||
| 300 | _b平 | ||
| 650 | _a景观工程 | ||
| 942 |
_cBK _o445.6 HGG |
||
| 999 |
_c43535 _d43525 |
||